• 首页
  • 本馆介绍
  • 公告通知
  • 最新文献
  • 馆藏检索
  • 电子资源
  • 读者导购
  • 参考咨询
  • 我的图书馆
  • 登录
  • 详细信息显示
  • 放入我的书架
  • 预约/预借图书
  • 作者相关作品
  • 分类相关作品
  • 丛书相关作品
  • 出版社相关作品

书目信息

  • 表格格式
  • 工作单格式
  • 卡片格式
题名:
工程建设·规划设计·房地产业合同争议案件判决及评注
    
 
作者: 王早生 , 朱宇玉 编著
分册:  
出版信息: 北京   中国建筑工业出版社  2014
页数: 305页
开本: 23cm
丛书名: 工程与法系列丛书
单 册:
中图分类: D923.65
科图分类:
主题词: 建筑工程--经济合同--合同法--案例--中国
电子资源:
ISBN: 978-7-112-16637-4
000 01390nam 2200265 450
001 2358691523
005 20231212161822.56
010    @a978-7-112-16637-4@dCNY48.00
100    @a20140830d2014 em y0chiy50 ea
101 0  @achi
102    @aCN@b110000
105    @ay z 000yy
200 1  @a工程建设·规划设计·房地产业合同争议案件判决及评注@Agong cheng jian she ·gui hua she ji ·fang di chan ye he tong zheng yi an jian pan jue ji ping zhu@f王早生, 朱宇玉编著
210    @a北京@c中国建筑工业出版社@d2014
215    @a305页@d23cm
225 2  @a工程与法系列丛书@Agong cheng yu fa xi lie cong shu
314    @a王早生, 住房和城乡建设部稽查办公室主任, 中国勘察设计协会常务理事, 中国风景园林学会常务理事。朱字玉, 住房和城乡建设部稽查办公室干部, 经济学硕士。
330    @a本书是“工程与法”系列丛书之一, 全书从工程建设、规划设计、房地产业三个方面系统汇总了一些有代表性的法院判例, 对读者有启发作用和参考价值。在案例评注中, 笔者不是简单地评判法院判决的对错, 而是通过判例, 试图揭示对胜诉方和败诉方都有参考和借鉴意义的要点。本书是建设单位、设计院、房地产企业相关人员的法律指南, 也可供大专院校建设工程法律相关专业师生学习参考。
410  0 @12001 @a工程与法系列丛书
606 0  @a建筑工程@x经济合同@x合同法@x案例@y中国
690    @aD923.65@v5
701  0 @a王早生@Awang zao sheng@4编著
701  0 @a朱宇玉@Azhu yu yu@4编著
801  0 @aCN@b湖北三新@c20140901
905    @aZUCC@dD923.65@e7
    
    工程建设·规划设计·房地产业合同争议案件判决及评注/王早生, 朱宇玉编著.-北京:中国建筑工业出版社,2014
    305页;23cm.-(工程与法系列丛书)
    
    
    ISBN 978-7-112-16637-4:CNY48.00
    本书是“工程与法”系列丛书之一, 全书从工程建设、规划设计、房地产业三个方面系统汇总了一些有代表性的法院判例, 对读者有启发作用和参考价值。在案例评注中, 笔者不是简单地评判法院判决的对错, 而是通过判例, 试图揭示对胜诉方和败诉方都有参考和借鉴意义的要点。本书是建设单位、设计院、房地产企业相关人员的法律指南, 也可供大专院校建设工程法律相关专业师生学习参考。
●
相关链接 在五车中查询图书 在当当中查询图书 在豆瓣中查询图书


正题名:工程建设·规划设计·房地产业合同争议案件判决及评注     索取号:D923.65/7         预约/预借

序号 登录号 条形码 馆藏地/架位号 状态 备注
1 2001452789   2001452789   505书库/ [索取号:D923.65/7] 在馆    
2 2001452790   2001452790   505书库/ [索取号:D923.65/7] 在馆    
3 2001452791   2001452791   505书库/ [索取号:D923.65/7] 在馆    
4 2001452792   2001452792   505书库/ [索取号:D923.65/7] 在馆    
5 2001452793   2001452793   505书库/ [索取号:D923.65/7] 在馆    
6 2001452794   2001452794   505书库/ [索取号:D923.65/7] 在馆    
7 2001452795   2001452795   315书库/ [索取号:D923.65/7] 在馆    
8 2001452796   2001452796   504书库/ [索取号:D923.65/7] 在馆    
9 2001452797   2001452797   504书库/ [索取号:D923.65/7] 在馆    
10 2001452798   2001452798   504书库/ [索取号:D923.65/7] 在馆    
11 2001452799   2001452799   504书库/ [索取号:D923.65/7] 在馆    
12 2001452800   2001452800   504书库/ [索取号:D923.65/7] 在馆    
13 2001452801   2001452801   504书库/ [索取号:D923.65/7] 在馆    
14 2001452802   2001452802   505书库/ [索取号:D923.65/7] 在馆    
15 2001452803   2001452803   505书库/ [索取号:D923.65/7] 在馆    
16 2001452804   2001452804   315书库/ [索取号:D923.65/7] 在馆    
17 2001452805   2001452805   315书库/ [索取号:D923.65/7] 在馆    
18 2001452806   2001452806   505书库/ [索取号:D923.65/7] 在馆    
19 2001452807   2001452807   505书库/ [索取号:D923.65/7] 在馆    
20 2001452808   2001452808   505书库/ [索取号:D923.65/7] 在馆    
21 2001452809   2001452809   505书库/ [索取号:D923.65/7] 在馆    
22 2001452810   2001452810   315书库/ [索取号:D923.65/7] 在馆    
23 2001452811   2001452811   315书库/ [索取号:D923.65/7] 在馆    
24 2001452812   2001452812   315书库/ [索取号:D923.65/7] 在馆    
25 2001452813   2001452813   505书库/ [索取号:D923.65/7] 在馆    
26 2001452814   2001452814   505书库/ [索取号:D923.65/7] 在馆    
27 2001452815   2001452815   505书库/ [索取号:D923.65/7] 在馆    
28 2001452816   2001452816   505书库/ [索取号:D923.65/7] 在馆    
29 2001452817   2001452817   505书库/ [索取号:D923.65/7] 在馆    
30 2001452818   2001452818   505书库/ [索取号:D923.65/7] 在馆    
山东省滨州职业学院图书馆 欢迎您!
大连网信软件有限公司© 版权所有